Побег: Романы; пер. с туркм.

Detalles Bibliográficos
Autor principal: Джумагельдыев Т. Тиркиш
Otros Autores: Османова З. (автор предисловия)
Lenguaje:ruso
Publicado: Москва, Художественная литература, 1988
Materias:
Formato: Libro
KOHA link:https://koha.lib.tpu.ru/cgi-bin/koha/opac-detail.pl?biblionumber=137659

MARC

LEADER 00000nam0a2200000 4500
001 137659
005 20231031141132.0
010 |a 5280002526 
020 |a RU  |b 88-68532 
035 |a (RuTPU)RU\TPU\book\149186 
090 |a 137659 
100 |a 20080514d1988 m y0rusy5003 ca 
101 1 |a rus  |c tuk 
102 |a RU 
105 |a c z 000ay 
200 1 |a Побег  |e Романы   |e пер. с туркм.  |f Т. Джумагельдыев  |g авт. предисл. З. Османова 
210 |a Москва  |c Художественная литература  |d 1988 
215 |a 685,[2] с., [1] л. портр.  |d 22 см 
327 1 |a Содерж.: Потерянный; Дашрабат - крепость моя; Побег 
610 1 |a туркменская литература 
610 1 |a романы 
675 |a 894.361  |z rus  |v 3 
700 1 |a Джумагельдыев  |b Т.  |g Тиркиш  |4 070 
702 1 |a Османова  |b З.  |4 080 
801 0 |a RU  |b RuMRKP  |c 19950417  |g psbo 
801 1 |a RU  |b 63413507  |c 20080514  |g PSBO 
801 2 |a RU  |b 63413507  |c 20081029  |g PSBO 
942 |c BK